<?xml version="1.0" encoding="UTF-8"?>
<record
    xmlns:xsi="http://www.w3.org/2001/XMLSchema-instance"
    xsi:schemaLocation="http://www.loc.gov/MARC21/slim http://www.loc.gov/standards/marcxml/schema/MARC21slim.xsd"
    xmlns="http://www.loc.gov/MARC21/slim">

  <leader>00334nam a22001217a 4500</leader>
  <datafield tag="020" ind1=" " ind2=" ">
    <subfield code="a">8186239200</subfield>
  </datafield>
  <datafield tag="082" ind1=" " ind2=" ">
    <subfield code="2">22</subfield>
    <subfield code="a">294.382</subfield>
  </datafield>
  <datafield tag="100" ind1=" " ind2=" ">
    <subfield code="a">C. T. Dorji.</subfield>
  </datafield>
  <datafield tag="245" ind1=" " ind2=" ">
    <subfield code="a">A golden rosary of selected quotation from gesar epics /</subfield>
  </datafield>
  <datafield tag="260" ind1=" " ind2=" ">
    <subfield code="a">New Delhi,</subfield>
    <subfield code="b">Prominet publishers, </subfield>
    <subfield code="c">c2006.</subfield>
  </datafield>
  <datafield tag="300" ind1=" " ind2=" ">
    <subfield code="a">76 p. ;</subfield>
    <subfield code="b">ill. ;</subfield>
    <subfield code="c">17 cm. </subfield>
  </datafield>
  <datafield tag="942" ind1=" " ind2=" ">
    <subfield code="2">ddc</subfield>
    <subfield code="c">GEN</subfield>
  </datafield>
  <datafield tag="999" ind1=" " ind2=" ">
    <subfield code="c">1442</subfield>
    <subfield code="d">1442</subfield>
  </datafield>
  <datafield tag="952" ind1=" " ind2=" ">
    <subfield code="0">0</subfield>
    <subfield code="1">0</subfield>
    <subfield code="2">ddc</subfield>
    <subfield code="4">0</subfield>
    <subfield code="7">0</subfield>
    <subfield code="8">NFIC</subfield>
    <subfield code="a">LIB001</subfield>
    <subfield code="b">LIB001</subfield>
    <subfield code="d">2014-06-26</subfield>
    <subfield code="g">333.00</subfield>
    <subfield code="l">0</subfield>
    <subfield code="o">294.382</subfield>
    <subfield code="p">30168</subfield>
    <subfield code="r">2014-06-26 00:00:00</subfield>
    <subfield code="t">1</subfield>
    <subfield code="v">716.00</subfield>
    <subfield code="w">2014-06-26</subfield>
    <subfield code="y">GEN</subfield>
  </datafield>
  <datafield tag="952" ind1=" " ind2=" ">
    <subfield code="0">0</subfield>
    <subfield code="1">0</subfield>
    <subfield code="2">ddc</subfield>
    <subfield code="4">0</subfield>
    <subfield code="7">0</subfield>
    <subfield code="8">NFIC</subfield>
    <subfield code="a">LIB001</subfield>
    <subfield code="b">LIB001</subfield>
    <subfield code="d">2014-06-26</subfield>
    <subfield code="g">333.00</subfield>
    <subfield code="l">0</subfield>
    <subfield code="o">294.382</subfield>
    <subfield code="p">30169</subfield>
    <subfield code="r">2014-06-26 00:00:00</subfield>
    <subfield code="t">1</subfield>
    <subfield code="v">716.00</subfield>
    <subfield code="w">2014-06-26</subfield>
    <subfield code="y">GEN</subfield>
  </datafield>
  <datafield tag="952" ind1=" " ind2=" ">
    <subfield code="0">0</subfield>
    <subfield code="1">0</subfield>
    <subfield code="2">ddc</subfield>
    <subfield code="4">0</subfield>
    <subfield code="7">0</subfield>
    <subfield code="8">NFIC</subfield>
    <subfield code="a">LIB001</subfield>
    <subfield code="b">LIB001</subfield>
    <subfield code="d">2014-06-26</subfield>
    <subfield code="g">333.00</subfield>
    <subfield code="l">0</subfield>
    <subfield code="o">294.382</subfield>
    <subfield code="p">30167</subfield>
    <subfield code="r">2014-06-26 00:00:00</subfield>
    <subfield code="t">1</subfield>
    <subfield code="v">716.00</subfield>
    <subfield code="w">2014-06-26</subfield>
    <subfield code="y">GEN</subfield>
  </datafield>
</record>
